000 00837nam0a22002531 4500
001 rc\1157371
005 20250622202532.0
035 _a(NLR Aleph) 006402202
090 _a5257924
_c5257924
100 _a20041129d1980 |||y0rusy50 ca
101 0 _arus
102 _aRU
105 _aa |||||||||
200 1 _aПостройка геодезических знаков
_e[Учеб. пособие для топогр. техникумов]
210 _aМ.
_cНедра
_d1980
215 _a261 с.
_cил.
_d22
320 _aБиблиогр.: с. 258 (16 назв.)
700 1 _aПолевцев
_bВ.В.
_gВасилий Васильевич
701 1 _aЗавражин
_bП.М.
_gПавел Михайлович
801 0 _aRU
_bNLR
_gpsbo
801 1 _aRU
_bELAR
_2rusmarc
852 _aNLR
_j81-5/2609
942 _cBOOK
980 _aNB